Logo BPK

Biblioteka

Politechniki Koszalińskiej

Metody i systemy komputerowe w automatyce i elektrotechnice - V MSKAE 2003 : (Rekord nr 44579)

Szczegóły MARC
000 -ETYKIETA REKORDU
podpole kontrolne o stałej długości 01209nam a2200289 i 4500
001 - NUMER KONTROLNY REKORDU
pole kontrolne bg
020 ## - MIĘDZYNARODOWY ZNORMALIZOWANY NUMER KSIĄŻKI - ISBN
ISBN 8371932197
040 ## - ŹRÓDŁO KATALOGOWANIA
Instytucja, która utworzyła rekord BPK
041 w# - KOD JĘZYKA
Kod języka tekstu poleng
Kod języka streszczenia lub abstraktu poleng
080 ## - UNIWERSALNA KLASYFIKACJA DZIESIĘTNA - UKD
UKD 681.5:621.3:004](061)
920 ## - Międzynarodowy znormalizowany numer książki – ISBN
ISBN 83-7193-219-7
008 - POLE O STAŁEJ DŁUGOŚCI - DANE KONTROLNE
podpole kontrolne o stałej długości s pl f |000 0 pol
245 00 - TYTUŁ/ODPOWIEDZIALNOŚĆ
Tytuł Metody i systemy komputerowe w automatyce i elektrotechnice - V MSKAE 2003 :
Ciąg dalszy tytułu Środkowoeuropejska V Konferencja Naukowo-Techniczna, Częstochowa - Poraj 16-17 września 2003 r.Cz. /
Pozostałe elementy strefy tytułu i oznaczenia odpowiedzialności [red. nauk. Paweł Rolicz ; Politechnika Częstochowska. Wydział Elektryczny
Oznaczenie części/sekcji dzieła 2.
260 ## - STREFA ADRESU WYDAWNICZEGO
Miejsce wydania Częstochowa :
Nazwa wydawcy/dystrybutora Wydaw. PC,
Data publikacji, dystrybucji/powstania dokumentu 2003.
300 ## - STREFA OPISU FIZYCZNEGO
Objętość XII, 193-425 ss. :
Inne cechy fizyczne il. ;
Rozmiary 29 cm.
490 1# - STREFA SERII I DOKUMENTU WIELOCZĘŚCIOWEGO - FORMA NIE DO WYSZUKIWANIA
Tytuł i oznaczenie odpowiedzialności serii Zeszyty Naukowe Politechniki Częstochowskiej. Elektrotechnika,
ISSN 0867-3454 ;
Numeracja w obrębie serii 18
500 ## - UWAGI OGÓLNE
Tekst uwagi Numer w ser. gł.: 157. - Tekst częśc. ang. - Streszcz. ang., pol.
504 ## - UWAGA DOTYCZĄCA BIBLIOGRAFII
Informacje o bibliografii Bibliogr. po ref.
650 #9 - HASŁO PRZEDMIOTOWE W FORMIE NAZWY OGÓLNEJ LUB JEDNOSTKOWEJ
Nazwa ogólna lub geograficzna Automatyka
650 #9 - HASŁO PRZEDMIOTOWE W FORMIE NAZWY OGÓLNEJ LUB JEDNOSTKOWEJ
Nazwa ogólna lub geograficzna Elektrotechnika
650 #9 - HASŁO PRZEDMIOTOWE W FORMIE NAZWY OGÓLNEJ LUB JEDNOSTKOWEJ
Nazwa ogólna lub geograficzna Informatyka
Określnik ogólny stosowanie
655 ## - TERMIN INDEKSOWY - OKREŚLENIE RODZAJU/FORMY DOKUMENTU
Określenie rodzaju/formy dokumentu Materiały konferencyjne
700 1# - HASŁO DODATKOWE - NAZWA OSOBOWA
Nazwa osobowa ROLICZ, Paweł.
Określenie związku między hasłem a opisywanym materiałem Red.
710 #0 - HASŁO DODATKOWE - NAZWA CIAŁA ZBIOROWEGO
Nazwa ciała zbiorowego lub jednostki geograficznej Politechnika Częstochowska
Nazwa jednostki podrzędnej Wydział Elektryczny
830 #0 - HASŁO DODATKOWE SERII LUB DOKUMENTU WIELOCZĘŚCIOWEGO - TYTUŁ UJEDNOLICONY
Tytuł ujednolicony Zeszyty Naukowe Politechniki Częstochowskiej.
Nazwa części/sekcji dzieła Elektrotechnika
856 ## - LOKALIZACJA I DOSTĘP DO ELEKTRONICZNYCH DOKUMENTÓW ZDALNYCH
Link (URL) http://koha.tu.koszalin.pl/cgi-bin/koha/opac-detail.pl?biblionumber=44579
Tekst linku Katalog online BPK
942 ## - DODATKOWE ELEMENTY (KOHA)
Typ dokumentu Książka
Egzemplarze
Wycofany Status egzemplarza Uszkodzony Dostępność Lokalizacja stała Lokalizacja bieżąca Miejsce przechowywania Sygnatura Kod kreskowy Dział Typ dokumentu
      Tylko na miejscu Biblioteka Politechniki Koszalińskiej Biblioteka Politechniki Koszalińskiej Czytelnia BG 71986 02176444 681.5 Automatyka. Mechatronika Książka
© 2023 Biblioteka Politechniki Koszalińskiej :: KOHA